国勢調査で300人以下の人口を記録したことがある村 - Statistics

General Stats
  • This quiz has been taken 30 times
  • The average score is 5 of 53
Answer Stats
都道府県 最少の人口を記録した年 最少の人口 回答 % Correct
東京都 2020年 169人 青ヶ島村
100%
東京都 1970年 251人 利島村
61%
愛知県 1990年 193人 富山村
54%
愛媛県 2000年 277人 別子山村
50%
東京都 1975年 177人 御蔵島村
50%
秋田県 1965年 16人 大潟村
43%
東京都 1950年 104人 鳥打村
14%
北海道 1920年 134人 野付村
11%
東京都 1950年 66人 宇津木村
11%
山梨県 1920年 298人 大嵐村
7%
北海道 1920年 214人 薫別村
7%
広島県 1920年 208人 神島村
7%
熊本県 1950年 204人 葉木村
7%
神奈川県 1925年 83人 芦之湯村
7%
山梨県 1920年 291人 田野村
4%
北海道 1920年 282人 大滝村
4%
和歌山県 1955年 281人 玉置口村
4%
北海道 1920年 260人 滑若村
4%
石川県 1940年 248人 瀬越村
4%
新潟県 1925年,1940年 241人 上路村
4%
広島県 1920年 234人 亀石村
4%
東京府 1920年 233人 上川原村
4%
北海道 1920年 209人 上及部村
4%
山梨県 1940年 207人 羽鹿島村
4%
北海道 1920年 200人 伊茶仁村
4%
北海道 1920年 189人 茶志骨村
4%
北海道 1920年 177人 大狩部村
4%
広島県 1940年 160人 光信村
4%
東京府 1935年 141人 父島袋沢村
4%
北海道 1920年 128人 走古潭村
4%
熊本県 1930年 127人 椎原村
4%
山梨県 1935年 126人 木賊村
4%
広島県 1920年 126人 光末村
4%
北海道 1920年 123人 虹別村
4%
北海道 1920年 92人 荷菜摘村
4%
北海道 1920年 80人 有萌村
4%
北海道 1920年 60人 丹根萌村
4%
北海道 1920年 31人 西別村
4%
北海道 1920年 30人 葉朽村
4%
東京府 1920年 208人 原小宮村
0%
北海道 1920年 206人 荒谷村
0%
北海道 1920年 201人 振別村
0%
広島県 1920年 198人 常光村
0%
熊本県 1950年 196人 久連子村
0%
北海道 1920年 195人 姉去村
0%
東京府 1920年 188人 受乞村
0%
東京府 1920年 183人 築地村
0%
北海道 1920年 164人 泊津村
0%
北海道 1920年 157人 元神部村
0%
北海道 1920年 141人 崎無異村
0%
北海道 1920年 102人 長知内村
0%
北海道 1920年 100人 万揃村
0%
北海道 1920年 85人 老門村
0%
No matching quizzes found
Score Distribution
Percent of People with Each Score
Percentile by Number Answered
Your Score History
You have not taken this quiz